| 000 | 01018cam a2200277 a 4500 | ||
|---|---|---|---|
| 001 | 4509367 | ||
| 003 | NUST - PNEC | ||
| 005 | 20170116181135.0 | ||
| 008 | 981113s2000 nyua 001 0 eng | ||
| 010 | _a 98051823 | ||
| 020 | _a0766804062 (alk. paper) | ||
| 040 |
_aDLC _cLIBRARY _dDLC |
||
| 050 | 0 | 0 |
_aTH9445.A5 _bT33 1999 |
| 082 | 0 | 0 | _a629.1368 TAC |
| 100 | 1 | _aTackett, William R. | |
| 245 | 0 | 0 |
_aGeneral aviation firefighting for structural firefighters / _cWilliam R. Tackett. |
| 260 |
_aAlbany, NY : _bDelmar, _cc2000. |
||
| 300 |
_ax, 214 p. : _bill. ; _c24 cm. |
||
| 500 | _aIncludes index. | ||
| 650 | 0 |
_aAirports _xFires and fire prevention. |
|
| 650 | 0 |
_aAirplanes _xFires and fire prevention. _xME, General |
|
| 650 | 0 | _aSearch and rescue operations. | |
| 906 |
_a7 _bcbc _corignew _d1 _eocip _f19 _gy-gencatlg |
||
| 942 |
_2ddc _cBK |
||
| 999 |
_c70174 _d70174 |
||